000 00356nam a2200133Ia 4500
008 241014s9999||||xx |||||||||||||| ||und||
020 _a1-901346-59-5
100 _aMarso, Steven . P
245 4 _aThe handbook of Diabetes Mellitus and Cardiovascular Disease
260 _bRemedica Publishing
300 _a198.00
650 _aDisease
942 _bSPH
_cBK
999 _c19316
_d19316